Environmental indicators : a preliminary set = Indicateurs d'environnement : une etude pilote.

Αποθηκεύτηκε σε:
Λεπτομέρειες βιβλιογραφικής εγγραφής
Συγγραφή απο Οργανισμό/Αρχή: Organisation for Economic Co-operation and Development
Μορφή: Βιβλίο
Γλώσσα:English
Δημοσίευση: Paris : Organisation for Economic Co-Operation and Development, 1991.
Θέματα:
Ετικέτες: Προσθήκη ετικέτας
Δεν υπάρχουν, Καταχωρήστε ετικέτα πρώτοι!

MARC

LEADER 00000cam a2200000 i 4500
001 1/1233
008 950707s1991 fr | ||| |||| ||eng||
035 |l 10014365 
040 |a GR-MyUa  |b gre  |e AACR2 
041 0 |a eng 
082 7 |a 363.7   |2 (22) 
245 0 0 |a Environmental indicators :   |b a preliminary set = Indicateurs d'environnement : une etude pilote. 
246 1 |i Παράλληλος τίτλος:   |a Indicateurs d'environnement :   |h une etude pilote 
260 |a Paris :   |b Organisation for Economic Co-Operation and Development,   |c 1991. 
300 |a 79 σ. :   |b πίν. ;   |c 27 εκ. 
650 0 0 |a Environmental indicators. 
650 0 0 |a Environmental protection  |x Evaluation. 
650 0 0 |a Pollution  |x Measurement  |x Standards. 
650 0 0 |a Environmental policy. 
710 2 |a Organisation for Economic Co-operation and Development. 
852 |a INST  |b LESVOS  |e 19950707  |h 363.7 ENV  |p 005100007851  |q 005100007851  |t BK  |y 0